01055nam a22002657a 45000010005000000030006000050050017000110080041000280200018000690400029000870500008001160820010001241000026001342450058001602600055002183000044002734900029003175050008003465200251003545210021006055210020006269420015006469990015006619520113006765284FISKH20241122150404.0241122b cb ||||| |||| 00| 0 eng d a9788120752757 aFISKHbengcFISKHdFISKH aFic a813.2 aCooper, Jame Fenimore aThe Last of the Mohicans / cby James Fenimore Cooper aNew Delhi : bSterling Publishers(P) LTD ;c2005 . a328 pages : billustrations ;c22 cm .  aGraded Readers vLevel 6 aZ  aThe Last of the Mohicans is an epic novel by James Fenimore Cooper, first published in January 1826. It was one of the most popular English-language novels of its time, and helped establish Cooper as one of the first world-famous American writers8 a1270 bLexile 8 aZ bRaz-Plus  2ddccBKn0 c5284d5284 00102ddc40708FICa001b001cSBSd2024-11-22l0oCOO 813.2pFIS01061r2024-11-22 15:04:01w2024-11-22yBK